Statistics for Superbad Trivia

Click here to take the quiz!

General Stats

  • This quiz has been taken 156 times
  • The average score is 6 of 15

Answer Stats

Hint Answer % Correct
How old is "Mclovin"?25
92%
What is Evan playing in P.E.?Soccer
73%
According to himself, what is Mclovin old enough for?To party
60%
Which Ivy League school are Evan and Fogell attending the following year?Dartmouth
53%
Which of the police officers is more experienced?Officer Slater
53%
What kind of liquor does Becca ask Evan to buy?Goldslick Vodka
51%
How many "road beers" does Officer Michaels order at the bar?Thirteen
49%
What do they cook during Home Ec class?Tiramisu
31%
What does Evan need to buy for college?New comforter
26%
Which soccer jersey does Kevin Corrigan's character wear?Brazil
24%
What does the liquor store cashier study?Veterinary
15%
Where did Officer Slater meet his current wife?Paintball
14%
Who is Evan's partner in Home Ec?Miroki
9%
What is the name of the county in which the movie takes place?Clark County
7%
At the beggining of the film, what are they studying in Math class?Complex numbers
1%

Score Distribution

Percentile by Number Answered

Percent of People with Each Score

Your Score History

You have not taken this quiz